Welcome to the Holygrace Academy Library

Please use search bar below to get started

SHORT STORY (Record no. 2263)

MARC details
000 -LEADER
fixed length control field 00347nam a22001337a 4500
020 ## - INTERNATIONAL STANDARD BOOK NUMBER
ISBN 0-434-97316-5
082 ## - DEWEY DECIMAL CLASSIFICATION NUMBER
Classification number 823
Item number WIL/F
100 ## - MAIN ENTRY--AUTHOR NAME
Personal name HEINEMANN
245 ## - TITLE STATEMENT
Remainder of title FIREMAN SAM AND NAUGHTY NORMAN
Title SHORT STORY
246 ## - VARYING FORM OF TITLE
Title proper/short title FIREMAN SAM AND NAUGHTY NORMAN
Remainder of title SHORT STORY
260 ## - PUBLICATION, DISTRIBUTION, ETC. (IMPRINT)
Place of publication LONDON
Name of publisher WILLIAM HEINEMONN LTD
Year of publication 1990
300 ## - PHYSICAL DESCRIPTION
Number of Pages 16
942 ## - ADDED ENTRY ELEMENTS (KOHA)
Koha item type Books
Holdings
Withdrawn status Lost status Collection code Home library Current library Shelving location Date acquired Source of acquisition Cost, normal purchase price Full call number Accession Number Koha item type
    Fiction Main Library Main Library SHELF 4-D MYTHOLOGY 17/12/2019 Purchase 30.00 823 WIL/F 12398 Books